| 000 | 00666cam a22002052 4500 | ||
|---|---|---|---|
| 001 | 0000002656 | ||
| 005 | 20151217155816.0 | ||
| 008 | 070417s xx 000 0 eng d | ||
| 020 |
_a97833187005 : _cGBP 20.95 |
||
| 040 |
_aKABU _cKABU |
||
| 050 | 0 |
_aPL8010 _b.G46 |
|
| 245 | 1 | 0 |
_aGender perceptions and development in Africa / _cedited and introduced by Mary E. Modupe Kolawole. |
| 260 |
_aLagos : _bArrabon Academic Publishers, _c1998. |
||
| 300 | _axiv, 288 p. | ||
| 650 | 0 |
_aWomen in literature. _@0000084906 |
|
| 700 | 1 |
_aKolawole, Mary E. Modupe. _@0000152108 |
|
| 908 | _a070417 | ||
| 950 | _@1 | ||
| 999 |
_c12721 _d12721 |
||